banner-ar

المنطق والذكاء الاصطناعى : (Record no. 66878)

MARC details
000 -الفاتح
حقل البيانات ثابتة الطول 00904nam a2200241Ia 4500
005 - وقت وتاريخ اخر تعامل مع التسجيلة
رقم الضبط 20240530110944.0
008 - عناصر البيانات ثابتة الطول - معلومات عامة
حقل البيانات ثابتة الطول 140319s2021 ua a f 000 0 ara d
017 ## - رقم الايداع القانونى
رقم الايداع القانونى 2021/10517
المصدر ( الهيئة المختصة) مصر. دار الكتب
020 ## - الرقم الدولى المعيارى للكتب
الرقم الدولى المعيارى للكتاب 9789776840706
040 ## - مصدر الفهرسة
وكالة الفهرسة الأصلية GCL /
وكالة النسخ GCL
082 04 - رقم تصنيف ديوى العشرى
رقم الطبعة 21
رقم التصنيف 006.3
رقم المادة هـ م
100 0# - المدخل الرئيسى - إسم شخصى
الإسم الشخصى هيثم السيد
245 12 - بيان العنوان
العنوان المنطق والذكاء الاصطناعى :
بقية العنوان دراسة فى منهجية التطبيق /
بيان المسئوليه,etc هيثم السيد
250 ## - بيان الطبعة
بيان الطبعة ط. 1
260 ## - PUBLICATION, DISTRIBUTION, ETC. (IMPRINT)
تاريخ النشر أو التوزيع 2021.
300 ## - الوصف المادى
التعداد 276 ص. :
تفاصيل ماديه اخرى للوعاء ايض ؛
أبعاد الوعاء 24 سم.
490 0# - بيان السلسلة
عنوان السلسلة سلسلة المنطق التطبيقى العربى ؛
رقم المجلد/ التعيين التسلسلي 1
650 07 - المدخل الاضافى بالموضوع-مصطلح موضوعى
مصطلح موضوعي المنطق
650 07 - المدخل الاضافى بالموضوع-مصطلح موضوعى
مصطلح موضوعي الذكاء الاصطناعى
650 07 - المدخل الاضافى بالموضوع-مصطلح موضوعى
مصطلح موضوعي لغة برولوج
942 ## - عناصر المدخل الإضافي( كوها)
مصدر التصنيف او مخطط الترفيف Dewey Decimal Classification
Koha [default] item type كتاب
260 ## - PUBLICATION, DISTRIBUTION, ETC. (IMPRINT)
-- الاسكندرية :
-- دار الوفاء لدنيا الطباعة و النشر،
Holdings
حالة التراجع حالة الفقد حالة تلف ليس للاعارة المكان المؤقت الموقع الحالى موقع الترفيف تاريخ الاكتساب اجمالي اﻻعارات رقم الطلب الباركود تاريخ اخر مشاهدة تاريخ تفعيل السعر نوع وعاء كوها
        مكتبة القاهرة الكبرى مكتبة القاهرة الكبرى   11/14/2022   006.3 هـ م 168847 11/14/2022 11/14/2022 كتاب

Powered By

EGPV